Espacio público y privatización del conocimiento: estudios sobre políticas universitarias en América Latina /
La intención de este trabajo es analizar en qué medida las reformas a las que se encuentran sometidas las universidades argentinas y brasileñas modifican el rol que estas desempeñan históricamente. Para ello, se analzian los casos de la Universidad de Buenos Aires (UBA) y la Universidad Estadual de...
Spremljeno u:
| Glavni autor: | |
|---|---|
| Daljnji autori: | |
| Format: | Tekst |
| Izdano: |
Buenos Aires:
CLACSO
|
| Teme: | |
| Oznake: |
Dodaj oznaku
Bez oznaka, Budi prvi tko označuje ovaj zapis!
|
MARC
| LEADER | 00000 a a2200000 04500 | ||
|---|---|---|---|
| 001 | 32467 | ||
| 003 | |||
| 040 | |||
| 020 | |a 987-1183-28-3 | ||
| 090 | |a 202503 | ||
| 100 | |a Gentili, Pablo | ||
| 245 | |a Espacio público y privatización del conocimiento: estudios sobre políticas universitarias en América Latina / |c Pablo Gentili | ||
| 260 | |a Buenos Aires: |b CLACSO | ||
| 300 | |a 574 p. | ||
| 520 | |a La intención de este trabajo es analizar en qué medida las reformas a las que se encuentran sometidas las universidades argentinas y brasileñas modifican el rol que estas desempeñan históricamente. Para ello, se analzian los casos de la Universidad de Buenos Aires (UBA) y la Universidad Estadual de Río de Janeiro (UERJ) para comprender de qué manera las políticas o medidas adoptadas por estas instituciones resignifican las misiones de enseñanza, investigación y extensión que legó la tradición reformista | ||
| 650 | |a ENSEÑANZA SUPERIOR | ||
| 650 | |a REFORMA DE LA EDUCACION | ||
| 650 | |a PRIVATIZACION | ||
| 650 | |a POLITICA EDUCATIVA | ||
| 650 | |a FINANCIAMIENTO | ||
| 650 | |a ANALISIS COMPARATIVO | ||
| 650 | |a BRASIL | ||
| 650 | |a ARGENTINA | ||
| 650 | |a FINANCIAMIENTO | ||
| 650 | |a PRESUPUESTO DE LA EDUCACION | ||
| 700 | |a comp. |a Levy, Bettina |a comp. | ||
| 999 | |c 2151 |d 2151 | ||



